00629nam a2200229Ia 450000500170000000800460001702000180006303700100008104000080009104000080009904000080010704100080011504100080012308400080013110000230013924500460016226000080020885600610021694200100027799900210028795200910030820260123164125.0008 260114s9999 xx 000 0 eng d a9789354430411 aEBOOK aCRL beng cCRL 2eng aeng qCRL aMohapatra91106191 0aInternational accounting - mohapatra, 2/e bPHI uhttps://elibrary.phindia.com/ebooks/reader/9789354430411 cEBOOK c1671314d1671314 00104070aCRLbCRLd2026-01-23l0pCL1887161r2026-01-23 16:41:25w2026-01-23yEBOOK